000
00321nam a22001217a 4500
999
_c
13539
_d
13539
082
_a
808.84
_b
ن س ی
100
_a
نسیم حجازی
245
_a
آخری معرکہ
260
_a
کراچی
_b
جہانگیر بک ڈپو
_c
٢٠٠٥
300
_a
٥٩٢ صفحات
650
_a
Aakhri maarka, Novel
942
_c
BK